| 000 | 00617nam a2200181 4500 | ||
|---|---|---|---|
| 008 | 020305s1982 us engYA | ||
| 020 | _a0842354174 | ||
| 090 |
_aBF575 _b.R35 _bSo4r |
||
| 100 | 1 | _aSolomon, Charles R. | |
| 245 | 1 | 0 |
_aThe rejection syndrome : _bthe need for genuine love and acceptance / _cCharles R. Solomon. |
| 260 |
_aIllinois : _bTyndale House, _cc1982. |
||
| 300 | _a141 p. | ||
| 650 | 4 | _aAttitude (Psychology). | |
| 650 | 4 | _aRejection (Psychology). | |
| 650 | 4 |
_aReligious aspects _xChristianity. |
|
| 950 | 0 | _1.00 | |
| 951 |
_p27827 _x00029229 _oBF575/.R35/So4r-2 _j070613111051546 _d2000-12-21 _cGC |
||
| 999 |
_c7949 _d7949 |
||